10 pays les moins peuplé d'asie - Statistiques

Statistiques générales
  • Ce quiz a été pris 64 fois
  • Le résultat moyen est 7 sur 10
Statistiques - réponses
Population Réponse % Correct
786 385 Bhoutan
89%
458 949 Brunei
81%
1.5 million Bahreïn
77%
2.6 million Qatar
75%
4.8 million Koweït
74%
2.9 million Arménie
68%
525 994 Maldives
67%
3.7 million Géorgie
60%
5.0 million Oman
60%
3.4 million Mongolie
56%
Aucun quiz correspondant
Distribution des résultats
% des personnes avec chaque résultat
Percentile par nombre de réponses
Votre historique - résultats
Vous n’avez pas pris ce quiz